[Event "BCF-chT3E 2223 (4NCL)"]
[Site "England"]
[Date "2023.02.12"]
[Round "6.52"]
[White "Varley, Joe"]
[Black "Van Essen, Luuk"]
[Result "1-0"]
[WhiteElo "2024"]
[BlackElo "1965"]
[PlyCount "73"]
[EventDate "2022.11.05"]
[EventType "team-tourn"]
[EventRounds "11"]
[EventCountry "ENG"]
[SourceTitle "EXT 2024"]
[Source "ChessBase"]
[SourceDate "2023.10.10"]
[SourceVersion "1"]
[SourceVersionDate "2023.10.10"]
[SourceQuality "1"]
[WhiteTeam "Hull & East Riding Tigers"]
[BlackTeam "Watford"]
[WhiteTeamCountry "ENG"]
[BlackTeamCountry "ENG"]

1. e4 c6 2. d4 d5 3. f3 dxe4 4. fxe4 e5 5. Nf3 Bg4 6. Bc4 Bxf3 7. Qxf3 Nf6 8. dxe5 Qa5+ 9. Nc3 Qxe5 10. Bf4 Qc5 11. e5 Qxc4 12. exf6 gxf6 13. 0-0-0 Nd7 14. Rhe1+ Be7 15. Re4 Qc5 16. Bd6 Qg5+ 17. Bf4 Qc5 18. Rde1 0-0-0 19. Rxe7 Ne5 20. Qh3+ Kb8 21. R7xe5 fxe5 22. Bxe5+ Ka8 23. Bxh8 Rxh8 24. Qe3 Qxe3+ 25. Rxe3 a6 26. Rf3 Rg8 27. Rxf7 Rxg2 28. Rxh7 Ka7 29. h4 Rh2 30. Ne4 Rh1+ 31. Kd2 Rh2+ 32. Kd3 Rh3+ 33. Kd4 Rh2 34. Kc3 Rh3+ 35. Kb4 Rh2 36. Kb3 Rh3+ 37. c3 1-0

[Event "BCF-chT3E 2223 (4NCL)"]
[Site "England"]
[Date "2022.11.06"]
[Round "2.13"]
[White "Van Essen, Luuk"]
[Black "Thompson, Ian D"]
[Result "0-1"]
[WhiteElo "1965"]
[BlackElo "2078"]
[PlyCount "98"]
[EventDate "2022.11.05"]
[EventType "team-tourn"]
[EventRounds "11"]
[EventCountry "ENG"]
[SourceTitle "EXT 2024"]
[Source "ChessBase"]
[SourceDate "2023.10.10"]
[SourceVersion "1"]
[SourceVersionDate "2023.10.10"]
[SourceQuality "1"]
[WhiteTeam "Watford"]
[BlackTeam "Crowthorne"]
[WhiteTeamCountry "ENG"]
[BlackTeamCountry "ENG"]

1. d4 d5 2. Nf3 Nf6 3. c4 e6 4. g3 Bb4+ 5. Bd2 Be7 6. Bg2 0-0 7. 0-0 c6 8. Qc2 b6 9. Bf4 Bb7 10. Nbd2 Nbd7 11. Rad1 Nh5 12. Be3 f5 13. Nb1 Bd6 14. Bg5 Qe8 15. e3 Rc8 16. Qa4 a5 17. cxd5 exd5 18. Nc3 Nhf6 19. Bf4 Qe7 20. Ne2 Ne4 21. Bxd6 Nxd6 22. Nf4 Nc4 23. Qc2 g6 24. h4 Nf6 25. Nd3 Ne4 26. Nde5 Nxe5 27. Nxe5 c5 28. Qb3 Qc7 29. Qb5 Rfd8 30. Rc1 Nd6 31. Qe2 c4 32. g4 Qe7 33. g5 Nf7 34. f4 b5 35. h5 Nxe5 36. dxe5 d4 37. exd4 Rxd4 38. Rcd1 Rcd8 39. h6 Bxg2 40. Kxg2 Qb7+ 41. Kh2 Qd5 42. Rxd4 Qxd4 43. Qf2 Kf7 44. Qxd4 Rxd4 45. Kg3 Ke6 46. Kf3 b4 47. Ke3 Re4+ 48. Kd2 Kd5 49. Re1 c3+ 0-1